[Event "Alzira Chrismas 7th"]
[Site "Alzira"]
[Date "2017.12.29"]
[Round "5.2"]
[White "Uran Bermudez, Oliver Kevin"]
[Black "Apolo Sanchez, Manuel"]
[Result "1-0"]
[WhiteElo "2063"]
[BlackElo "1968"]
[PlyCount "79"]
[EventDate "2017.12.27"]
[EventType "swiss"]
[EventRounds "8"]
[EventCountry "ESP"]
[SourceTitle "EXT 2024"]
[Source "ChessBase"]
[SourceDate "2023.10.10"]
[SourceVersion "1"]
[SourceVersionDate "2023.10.10"]
[SourceQuality "1"]

1. d4 d5 2. Nf3 Nf6 3. e3 Bf5 4. Bd3 e6 5. 0-0 Bxd3 6. Qxd3 c5 7. dxc5 Bxc5 8. Qb5+ Nbd7 9. Qxb7 0-0 10. Qb5 Rb8 11. Qe2 Qc7 12. Nbd2 Bd6 13. c3 Ne4 14. Nxe4 dxe4 15. Ng5 Bxh2+ 16. Kh1 Be5 17. Nxe4 f5 18. Ng5 Rf6 19. f4 Rh6+ 20. Kg1 Bd6 21. b3 Nf6 22. Nxe6 Qxc3 23. Bb2 Qc8 24. Ng5 Ng4 25. Rac1 Qd7 26. Rf3 Qe7 27. Bd4 Kf8 28. Qc2 Qd7 29. Qc6 Qxc6 30. Rxc6 Be7 31. Rc7 Ra6 32. Rc2 h6 33. Nh3 Bf6 34. Nf2 Bxd4 35. exd4 Nf6 36. Nd3 Rd6 37. Nc5 Rb4 38. Rc4 Rxd4 39. Re3 Rbxc4 40. bxc4 1-0

[Event "Alzira Chrismas 7th"]
[Site "Alzira"]
[Date "2017.12.28"]
[Round "4.4"]
[White "Apolo Sanchez, Manuel"]
[Black "Reig Albero, Ferran"]
[Result "1/2-1/2"]
[WhiteElo "1968"]
[BlackElo "1943"]
[PlyCount "29"]
[EventDate "2017.12.27"]
[EventType "swiss"]
[EventRounds "8"]
[EventCountry "ESP"]
[SourceTitle "EXT 2024"]
[Source "ChessBase"]
[SourceDate "2023.10.10"]
[SourceVersion "1"]
[SourceVersionDate "2023.10.10"]
[SourceQuality "1"]

1. Nf3 Nf6 2. b3 g6 3. Bb2 Bg7 4. g3 d6 5. Bg2 e5 6. d3 0-0 7. c4 c6 8. 0-0 a5 9. a3 Re8 10. Qc2 Na6 11. Nbd2 Bf5 12. e4 Bd7 13. d4 exd4 14. Nxd4 Qb6 15. Rab1 1/2-1/2

[Event "Benimodo op U2200 12th"]
[Site "Benimodo"]
[Date "2017.08.18"]
[Round "1"]
[White "Apolo Sanchez, Manuel"]
[Black "Lopez Diaz, Rafael"]
[Result "1/2-1/2"]
[WhiteElo "1981"]
[BlackElo "1715"]
[PlyCount "83"]
[EventDate "2017.08.18"]
[EventType "swiss"]
[EventRounds "7"]
[EventCountry "ESP"]
[SourceTitle "EXT 2019"]
[Source "ChessBase"]
[SourceDate "2018.10.10"]
[SourceVersion "1"]
[SourceVersionDate "2018.10.10"]
[SourceQuality "1"]

1. d4 g6 2. Nc3 Bg7 3. e4 d6 4. f4 Nf6 5. Nf3 0-0 6. Bd3 Bg4 7. h3 Bxf3 8. Qxf3 Nc6 9. Be3 Nb4 10. 0-0-0 Nxd3+ 11. Rxd3 c6 12. e5 Ne8 13. g4 f6 14. e6 f5 15. gxf5 Rxf5 16. Ne4 Nc7 17. Ng3 Rf6 18. f5 Nxe6 19. Qg4 gxf5 20. Nxf5 Qf8 21. Nxg7 Qxg7 22. Qe2 Rg6 23. d5 cxd5 24. Rxd5 Rc8 25. Bd2 Nd4 26. Rxd4 Qxd4 27. Qxe7 Rg1+ 28. Rxg1+ Qxg1+ 29. Be1 Rf8 30. Qe6+ Rf7 31. b3 Qg5+ 32. Kb1 Qe7 33. Qc8+ Qf8 34. Qg4+ Qg7 35. Qc8+ Rf8 36. Qe6+ Rf7 37. Qc8+ Qf8 38. Qg4+ Rg7 39. Qc4+ Qf7 40. Qc8+ Qf8 41. Qc4+ Kh8 42. Bc3 1/2-1/2

[Event "Valencia-ch op"]
[Site "Puerto de Sagunto"]
[Date "2017.04.30"]
[Round "6"]
[White "Apolo Sanchez, Manuel"]
[Black "Nieves Cabanes, Jose Manuel"]
[Result "0-1"]
[WhiteElo "2020"]
[BlackElo "2206"]
[PlyCount "58"]
[EventDate "2017.04.22"]
[EventType "swiss"]
[EventRounds "7"]
[EventCountry "ESP"]
[SourceTitle "EXT 2024"]
[Source "ChessBase"]
[SourceDate "2023.10.10"]
[SourceVersion "1"]
[SourceVersionDate "2023.10.10"]
[SourceQuality "1"]

1. d4 c5 2. e3 Nf6 3. Nf3 b6 4. Bd3 Bb7 5. Nbd2 g6 6. c3 Bg7 7. e4 d6 8. Qe2 0-0 9. e5 Nd5 10. Nf1 cxd4 11. cxd4 dxe5 12. dxe5 Nb4 13. Bc4 Ba6 14. Bxa6 N8xa6 15. Ng3 Nd3+ 16. Kf1 Nac5 17. Be3 Qc8 18. Ne4 Nxe5 19. Nxe5 Nxe4 20. Rc1 Qe6 21. Nd3 Qxa2 22. h4 h5 23. g4 Qd5 24. Rg1 hxg4 25. Nf4 Qf5 26. Rxg4 Rad8 27. Rc6 Nd2+ 28. Bxd2 Rxd2 29. Qf3 e5 0-1

[Event "Xativa Murta op 2nd"]
[Site "Xativa"]
[Date "2016.08.27"]
[Round "8"]
[White "Montalban Galvez, Antonio"]
[Black "Apolo Sanchez, Manuel"]
[Result "1-0"]
[WhiteElo "2221"]
[BlackElo "1997"]
[PlyCount "89"]
[EventDate "2016.08.22"]
[EventType "swiss"]
[EventRounds "9"]
[EventCountry "ESP"]
[SourceTitle "CBM 174 Extra"]
[Source "ChessBase"]
[SourceDate "2016.10.10"]
[SourceVersion "1"]
[SourceVersionDate "2016.10.10"]
[SourceQuality "1"]

1. d4 e5 2. dxe5 d6 3. Nf3 Bg4 4. Bf4 Nc6 5. Nc3 Bxf3 6. exf3 dxe5 7. Be3 Bb4 8. Bc4 Nf6 9. Qd2 Qe7 10. 0-0 Rd8 11. Qe1 0-0 12. a3 Bc5 13. b4 Bxe3 14. fxe3 e4 15. fxe4 Nxe4 16. Nd5 Qg5 17. Rd1 Ne5 18. Rf5 Qxf5 19. Ne7+ Kh8 20. Nxf5 Nxc4 21. Rd4 Ncd2 22. Qh4 Rxd4 23. exd4 Re8 24. Qf4 Nd6 25. Qxd2 Nxf5 26. Qf4 Nd6 27. h3 b5 28. Kh2 Re4 29. Qg5 f5 30. Qd8+ Ne8 31. Qd7 g6 32. Qxb5 Kg7 33. Qd7+ Kh6 34. Qd8 g5 35. c4 Re2 36. Qd7 f4 37. Qf5 Nd6 38. Qg4 Re3 39. h4 Rg3 40. hxg5+ Kg6 41. Qxf4 Rxg5 42. c5 Nf5 43. Qxc7 Ne3 44. Qc6+ Kh5 45. Qe8+ 1-0

[Event "Xativa Murta op 2nd"]
[Site "Xativa"]
[Date "2016.08.23"]
[Round "3"]
[White "Roca Cruz, Rafael"]
[Black "Apolo Sanchez, Manuel"]
[Result "0-1"]
[WhiteElo "1882"]
[BlackElo "1997"]
[PlyCount "67"]
[EventDate "2016.08.22"]
[EventType "swiss"]
[EventRounds "9"]
[EventCountry "ESP"]
[SourceTitle "CBM 174 Extra"]
[Source "ChessBase"]
[SourceDate "2016.10.10"]
[SourceVersion "1"]
[SourceVersionDate "2016.10.10"]
[SourceQuality "1"]

1. d4 f5 2. e4 fxe4 3. Nc3 Nf6 4. Bg5 Nc6 5. d5 Ne5 6. Qd4 Nf7 7. Bxf6 exf6 8. Nxe4 Be7 9. 0-0-0 f5 10. d6 cxd6 11. Qxg7 fxe4 12. Bc4 Rf8 13. Re1 Qa5 14. Nh3 Ng5 15. f4 Ne6 16. Qxh7 Qf5 17. Qxf5 Rxf5 18. g4 Rc5 19. Bxe6 dxe6 20. Rxe4 e5 21. f5 b6 22. Rg1 Kf7 23. Rf1 Bb7 24. Re3 Rh8 25. f6 Bg2 26. Ng5+ Kg6 27. fxe7 Bxf1 28. Ne6 Rcc8 29. Rf3 Bc4 30. Nf8+ Kg7 31. b3 Bf7 32. h3 Re8 33. Nd7 Rxe7 34. Nf6 0-1

[Event "VLC CS-chT Preferente"]
[Site "Spain"]
[Date "2003.??.??"]
[Round "?"]
[White "Aparisi Arnandis, Bernardo"]
[Black "Apolo Sanchez, Manuel"]
[Result "1-0"]
[WhiteElo "2096"]
[BlackElo "2030"]
[PlyCount "83"]
[EventDate "2003.??.??"]
[EventType "team"]
[EventRounds "11"]
[EventCountry "ESP"]
[SourceTitle "EXT 2007"]
[Source "ChessBase"]
[SourceDate "2006.11.23"]
[SourceVersion "1"]
[SourceVersionDate "2006.11.23"]
[SourceQuality "1"]

1. d4 e5 2. dxe5 Nc6 3. Nf3 Qe7 4. e3 Nxe5 5. Be2 Nf6 6. 0-0 g6 7. Bd2 Bg7 8. Bc3 d6 9. Nbd2 0-0 10. Nxe5 dxe5 11. Bc4 Bf5 12. Bb3 Rad8 13. Qe2 Ne4 14. Nxe4 Bxe4 15. Rad1 c6 16. Ba5 b6 17. Bc3 Rxd1 18. Rxd1 Rd8 19. Rd2 Rxd2 20. Qxd2 h5 21. f3 Bf5 22. e4 Be6 23. Bxe6 Qxe6 24. Qd8+ Bf8 25. Bb4 c5 26. Bd2 Qc4 27. Bc3 Qe2 28. h3 Qe3+ 29. Kf1 h4 30. Bd2 Qd4 31. Bg5 Qc4+ 32. Kg1 Qd4+ 33. Kh1 Qxd8 34. Bxd8 Bh6 35. Bxh4 Bc1 36. b3 Bb2 37. c4 Kg7 38. Bd8 Bd4 39. Bc7 f5 40. Bb8 a6 41. a4 f4 42. Bc7 1-0